| 000 | 00957nam a22003017a 4500 | ||
|---|---|---|---|
| 001 | 5357 | ||
| 003 | FISKH | ||
| 005 | 20241204153452.0 | ||
| 008 | 241128b cb ||||| |||| 00| 0 eng d | ||
| 020 | _a9780590423649 | ||
| 040 |
_aFISKH _beng _cFISKH _dFISKH |
||
| 050 | _aPZ8.G76 | ||
| 082 | _a398.24520943 | ||
| 100 |
_aGross, Belov Ruth _d(1929-) |
||
| 245 |
_aThe Bremen-town musicians / _cRetold from Grimm by Ruth Belov Gross Pictures by Jack Kemt |
||
| 250 | _aPublished in 1974 | ||
| 260 |
_aNew York : _bScholastic, _c1974. |
||
| 300 |
_a32 pages : _bcolor illustrations ; _c21 cm |
||
| 505 | _aJ | ||
| 520 | _aNo longer wanted by their masters, a dog, a donkey, a cat, and a rooster set out for Bremen to become musicians. | ||
| 521 | 8 |
_a440L
_bLexile |
|
| 521 | 8 |
_aJ
_bRaz-Plus |
|
| 650 |
_2Animals _aPicture book |
||
| 650 |
_2Fiction _aFriendship |
||
| 700 |
_aKemt, Jack _dIllustrator |
||
| 942 |
_2ddc _cBK _n0 |
||
| 999 |
_c5357 _d5357 |
||